Нормален изглед
MARC изглед
- автомобилостроене
Вход 08. Ключови думи
001 - Контролен номер на записа
- Контролно поле: 180362
003 - Код на организацията, даваща контролен номер
- Контролно поле: BLK
005 - Дата и час на последна промяна на записа
- Контролно поле: 20180412190422.0
008 - Данни с фиксирана дължина – обща информация
- Данни с фиксирана дължина : 180403|e acznnaaan | aaa d
153 ## - Ключови думи
- Ключова дума: автомобилостроене
942 ## - Системна служебна употреба
- Koha auth type: KEW